| 000 | 00521nam a22002177a 4500 | ||
|---|---|---|---|
| 001 | OSt | ||
| 003 | RIchmond | ||
| 005 | 20151015143821.0 | ||
| 008 | 130306t xxu||||| |||| 00| 0 eng d | ||
| 020 | _a0143036254 | ||
| 050 |
_aE211 _b.P144 2005 |
||
| 082 |
_aIB 109 _bG79p 2005 |
||
| 100 | _aPaine, Thomas | ||
| 245 |
_aCommon sense / _cThomas Paine. |
||
| 260 |
_aNew York _bPenguin Books _c2005 |
||
| 300 |
_a103 p. : _c19 cm. _bill, ; |
||
| 526 | _c920L-1120L | ||
| 562 | _e1 | ||
| 942 |
_2lcc _cBK |
||
| 999 |
_c1942 _d1942 |
||